00713cam a22001931 450000100100000000500170001000800410002701000130006804000230008105000170010410000290012124500720015026000580022230000470028050400410032750500790036860000520044708200200049900001986020200929170152.0710326m19691971njuach b 000 0beng  a68054197 aDO-SdBNPcDLCdDLC00aDA565.C6bM31 aMartin, Ralph G.,d1920-10aJennie: the life of Lady Randolph Churchill, /cby Ralph G. Martin. aEnglewood Cliffs, N.J., :bPrentice-Hall,c[1969-71]. a2 v. :billus., facsims., ports. ;c24 cm. aIncludes bibliographical references.0 av. 1. The romantic years, 1854-1895.--v. 2. The dramatic years, 1895-1921.10aChurchill, Randolph Spencer,cLady,d1854-1921.00a942.081/0924aB